LEADER 01755ckm1-2200445---450- 001 990005588300203316 005 20151116172332.0 035 $a000558830 035 $aUSA01000558830 035 $a(ALEPH)000558830USA01 035 $a000558830 100 $a19981214g19721973|||y0itaa50------ba 101 $afre 102 $afr 105 $a0 00||| 200 1 $aHistoire de la philosophie$eidées, doctrines$fsous la direction de François Châtelet$gavec la collaboration de Anouar Abdel-Malek ...[et al.] 210 $aParis$cHachette littérature$d1972-1973 215 $a8 volumi$d23 cm 451 $1001000216452 463 \1$1001990005588310203316$12001 $a<<1: La >> philosophie païenne$edu 6e siècle avant J.-C. au 3e siècle après J.-C. 463 \1$1001990005588320203316$12001 $a<<2: La >> philosophie médiévale$edu 1er au 15e siècle 463 \1$1001990005588340203316$12001 $a<<4: Les >> Lumieres$ele 18e siecle 463 \1$1001990005588350203316$12001 $a<<5: La >> philosophie et l'histoire$e1780-1880 463 \1$1001990005588360203316$12001 $a<<6: La>> philosophie du monde scientifique et industriel$e1860-1940 463 \1$1001990005588370203316$12001 $a<<7: La >> philosophie des sciences sociales$ede 1860 à nos jours 463 \1$1001990005588380203316$12001 $a<<8: Le>> 20. siècle 606 $aFilosofia$xStoria$2F 620 $dPARIS 676 $a109 702 1$aCHÂTELET,$bFrançois 702 1$aABDEL-MALEK,$bAnouar 712 02$aHACHETTE 801 0$aIT$bSA$c20111219 912 $a990005588300203316 959 $aBK 969 $aFIL 979 $c20121027$lUSA01$h1525 979 $aCHIARA$b90$c20151116$lUSA01$h1723 996 $aHistoire de la philosophie$958778 997 $aUNISA LEADER 00921nam0-2200325---450- 001 990009898650403321 005 20150421091332.0 010 $a88-7564-031-9 035 $a000989865 035 $aFED01000989865 035 $a(Aleph)000989865FED01 035 $a000989865 100 $a20140925d2004----km-y0itay50------ba 101 0 $aita 102 $aIT 105 $aa-------001yy 200 1 $aCeramica miniaturistica da Pompei$fLuisa Grasso 210 $aNapoli$cLoffredo$dstampa 2004 215 $a137 p.$cill.$d24 cm 225 1 $aQuaderni di Ostraka$v9 610 0 $aTerrecotte$aPompei$aSec. 6. a. c.-1. 676 $a738.309377$v20$zita 700 1$aGrasso,$bLuisa$0523766 801 0$aIT$bUNINA$gRICA$2UNIMARC 901 $aBK 912 $a990009898650403321 952 $a738.309 GRA 1$bBRAU 2015/115$fFLFBC 959 $aFLFBC 996 $aCeramica miniaturistica da Pompei$9829161 997 $aUNINA